| 000 | 01653 a2200253 4500 | ||
|---|---|---|---|
| 001 | 2162214035926770 | ||
| 003 | UA-OsUOA | ||
| 005 | 20260506112530.0 | ||
| 008 | 260506b gw ||||| |||| 00| f ger d | ||
| 020 | _a398040630x | ||
| 040 |
_aUA-OsUOA _bger _cUA-OsUOA _dUA-OsUOA |
||
| 041 | _ager | ||
| 080 | _a821.112.2(477) | ||
| 090 |
_a821.112.2(477) _bL60 |
||
| 245 |
_aLetzter Besuch in Tschornobyl _bUkrainische Erzähler der Gegenwart _cAuswahl und Übersetzuns Anna-Halja Horbatsch |
||
| 260 |
_aKranichfeld _aMarburg _bKranichfelder Vergal _c1994 |
||
| 300 | _a216 s. | ||
| 520 | _aDiese Anthologie ist eine der wichtigsten Sammlungen zeitgenössischer ukrainischer Prosa, die nach der Unabhängigkeit der Ukraine im deutschen Sprachraum erschienen ist. Der Titel bezieht sich auf die Nuklearkatastrophe von 1986, die als tiefes Trauma und Wendepunkt im kollektiven Bewusstsein der Nation thematisiert wird. Das Buch versammelt Erzählungen führender ukrainischer Autoren (u. a. Juri Andruchowytsch, Walerij Schewtschuk, Jewhen Huzalo), die den gesellschaftlichen Umbruch, die Suche nach Identität und die ökologische Zerstörung reflektieren. Das Werk diente als literarische Brücke, die dem westlichen Publikum erstmals die "Generation Tschornobyl" und die Vielfalt der modernen ukrainischen Literatur jenseits sowjetischer Dogmen vorstellte. | ||
| 650 |
_a821 Художня література окремими мовами і мовними сім'ями _917 |
||
| 700 | 1 |
_aHorbatsch A.-H. _925188 |
|
| 942 |
_cBK _2udc |
||
| 955 | _a3 | ||
| 999 |
_c580647 _d580647 |
||